MDQL
is popping MORE tags! Check the
thread
!
Quizzes
Events
Quiz Creation
Community
Videos
Private Events
Remove Ads
Sign In
Join for FREE
Feedback
Dark Mode
Quiz Categories
Sports
Geography
Music
Movies
Television
Just For Fun
Miscellaneous
History
Literature
Language
Science
Gaming
Entertainment
Religion
Holiday
For Kids
Quiz Lab
Recent
Popular Today
Quiz Kudos Today
Editor Picks
Curator Picks
Quizzes by...
Day
Popularity
Type
Ratings
Length
Year
Community
Subscriptions
Recent Discussions
Orange Saloon
Badges
Playlists
Quests
Create
Leaderboards
Showdown
Live 5
Trivia Bingo
Activity
Puzzle Library
Sporcle Events
Private Events
Virtual Trivia
Globe League
Become a Host
Pub Owners
SporcleCon
Opinionation
Our Games
Videos
Blog
Mobile Apps
Partnerships
Remove Ads and Go Orange
Feedback
Gaming
Video Games
Board Games
Card Games
Pokémon
Mario
Nintendo
Minecraft
Console
Toys
Legend of Zelda
Gaming
Video Games
Board Games
Card Games
Pokémon
Mario
Nintendo
Minecraft
Console
Toys
Legend of Zelda
Random Quiz
Search Sporcle
×
Quiz Lab
Quiz Lab
Gaming
PC Games
Type in answers that appear in a list
Type in answers that appear in a list
Classic
Best Score? Go Orange.
Skyrim Beginning with A Stats
Can you name the Skyrim things that begin with A?
By
Ardor_Spei
5m
16 Questions
801 Plays
801 Plays
801 Plays
Comments
Comments
Give Quiz Kudos
Give Quiz Kudos
-
- Ratings
hide this ad
More Info
Replay
Link that replays current quiz
Next Quiz
Link to next quiz in quiz playlist
You Got
0%
They Got
Avg Score
69%
Avg Friend Score
Upgrade to see
Score Distribution
Jump to the score distribution portion of the page
Score
0/16
Timer
05:00
0
Plays Today
Hint
Answer
% Correct
Lizard!
Argonian
93.7%
Fruit, comes in either red or green
Apple
92.5%
The Antagonist
Alduin
90.9%
I used to be an adventurer like you, then I took an...
Arrow in the Knee
89.1%
Magical Skill
Alteration
88.5%
Comes in Storm, Flame and Frost Variations, a forge in the Midden has this word in it too
Atronach
84.3%
She has a star and is worshiped by Dark Elves
Azura
83.8%
Offensive Skill
Archery
79.7%
Hint
Answer
% Correct
Thalmor
Altmer
69.8%
Passive Skill
Alchemy
69.5%
Redheaded Companion
Aela the Huntress
68.8%
Boy Performing the Black Sacrement
Aventus Aretino
61.5%
Daughter of the Steward of Whiterun, also known as the Warmaiden
Adrianne Avenicci
43.9%
RAAN MIR TAH!
Animal Allegiance
36.8%
LAAS YAH NIR!
Aura Whisper
33%
Alchemy Ingredient (Fish)
Abecean Longfin
24.1%
Quiz Playlist
Details
Report
Send in Message
Add To Playlist
More Info:
Revamped version of sam68's Quiz, but with a Hints column.
Classic:
Type in answers that appear in a list
Quiz Source
Last Updated: Feb 16, 2017
Quiz Scoreboard
CHALLENGE
Sign Up to Join the Scoreboard
Show All
Scores
Hide
Comments
May contain spoilers
Recently Published
5x2 Blitz: Bands
by SL_Kpop136
Music
30s
Colored Red Africa Blitz
by spor1
Geography
30s
Find the 'City' Movie
by crazypaving
Movies
60s
More to Explore
Quiz From the Vault
Featured Blog Post
14 Easter Pick-up Lines to Find Eggs With
hide this ad
You Might Also Like...
Tags
Elder Scrolls
PC Games
ps3
PS3 Games
Skyrim
Xbox 360
Today's Top Quizzes in Gaming
Browse Gaming
hide this ad
Today's Top Quizzes in PC Games
Browse PC Games
Top Contributed Quizzes in Gaming
1
Genshin murder mystery
2
Dead By Daylight Logic Puzzle
3
Destiny 2 exotic weapons by perk icons
4
League of Legends Pro Players by Career/Team History
5
Genshin Impact Logic Puzzle
6
Overwatch 2: Ultimate Ability Icons
7
Genshin Impact Logic Puzzle Quiz II
8
Overwatch Logic Puzzle
9
Who's on the WWE 2K24 Cover?
10
5-to-1: Legend of Zelda
Explore More
Trending Topics
NBA
Kpop
Anime
Marvel
Crossword
Disney
Harry Potter
The Office
Pokémon
Soccer
Country
Song
WWE
Puzzle
NFL
hide this ad
More By:
Ardor_Spei
Quiz
Plays
Rating
Category
Featured
Created
Skyrim Bunker
59,589
3.40
Gaming
Aug 30, 2012
Star Wars Bunker
3,431
3.31
Movies
May 28, 2013
The Vietnam War
944
3.67
History
Jun 19, 2012
Skyrim Beginning with A
801
4.80
Gaming
Sep 2, 2012
History Cold War
477
1.00
History
Jun 17, 2012
Go to Creator's Profile
Score Distribution
Quiz Creator Spotlight
Ardor_Spei
Follow
Send a Message
Quizzes Created
-
Created Quiz Play Count
-
More By This Creator
Popular Quizzes Today
1
Colored Red Africa Blitz
2
Find the 'City' Movie
3
Find the US States - No Outlines Minefield
4
5x2 Blitz: Bands
5
The Countries of the World
6
Find the US States
7
Find the Countries of Europe - No Outlines Minefield
8
US States
More Gaming Quizzes
Binding of Isaac Tainted Character Titles
Quiz Lab
Trending Quizzes
Colored Red Europe Blitz I
Colored Red Europe Blitz II
Colored Red Africa Blitz II
Colored Red Europe Blitz III
Colored Red Africa Blitz III
Recently Updated
How Do You Spell That?
pecheneg
Godzilla Movies
pecheneg
Grab Bag: 4-10 Letters
pecheneg
2024 March Madness Bracket
pecheneg
Famous TV Couples
Peacemaker
Champions League XIs: Real Madrid
pecheneg
Largest US Cities 1790-2010
pecheneg
Rides in Walt Disney World
pecheneg
Most Oscar Losses (Acting)
pecheneg
Beyoncé Albums
pecheneg
Trending Topics
Crossword
NBA
Disney
Harry Potter
Kpop
Marvel
Anime
Puzzle
Soccer
Song
WWE
The Office
Pokémon
NFL
Country
Your Account Isn't Verified!
In order to create a playlist on Sporcle, you need to verify the email address you used during registration. Go to your
Sporcle Settings
to finish the process.
Report this User
Report this user for behavior that violates our
Community Guidelines
.
Details:
Send Report
Go to the Sporcle.com Mobile Site →
Comments